000 01122nam a22003497a 4500
001 0052595
003 KOHA_MİRAKIL
005 20260207003848.0
007 ta
008 150629b2008 tu |||gr||||#0|||0|tur |
020 _a9789944931434
040 _aTR-BiSEU
_btur
_cTR-BiSEU
_erda
041 0 _atur
044 _ctu
050 _aBX410
_b.Y34 2008
100 1 _aYalçın, Emruhan.
245 1 _aAtatürk Türkiye'sinde ekümenik ortodoks patrikhanesi ve Bizans projesi/
_cEmruhan Yalçın ; Emruhan Yalçın.
264 1 _aAnkara :
_bSiyasal Kitabevi
_c2008
300 _aX, 521 sayfa ;
_c21 cm.
336 _ametin
_btxt
_2rdacontent
337 _aaracısız
_bn
_2rdamedia
338 _acilt
_bnc
_2rdacarrier
500 _aDizin var.
500 _aKaynakça var.
650 0 _aFener Rum Patrikhanesi--Tarih.
_998186
650 0 _aFener Rum Patrikhanesi--Tarih--20. yüzyıl.
_998187
650 0 _aFener Rum Patrikhanesi--Siyaset ve yönetim--20. yüzyıl.
_998188
650 0 _aKilise ve devlet.
_998189
650 0 _aTürkiye--Tarih--20. yüzyıl.
_915210
907 _aDin
942 _2lcc
_cBK
999 _c52409
_d52409